Tārīk̲h̲-i ṣaḥāfat-i Urdū. (Record no. 86542)

MARC details
000 -LEADER
fixed length control field 00712cam a22002651 4500
001 - CONTROL NUMBER
control field sa 68015590
003 - CONTROL NUMBER IDENTIFIER
control field DLC
005 - DATE AND TIME OF LATEST TRANSACTION
control field 20260227112644.0
008 - FIXED-LENGTH DATA ELEMENTS--GENERAL INFORMATION
fixed length control field 890417m19649999ii ach b 000 0 urdr
010 ## - LIBRARY OF CONGRESS CONTROL NUMBER
LC control number sa 68015590
035 ## - SYSTEM CONTROL NUMBER
System control number (OCoLC)19561671
040 ## - CATALOGING SOURCE
Original cataloging agency DLC
Transcribing agency WaU
Modifying agency DLC
042 ## - AUTHENTICATION CODE
Authentication code premarc
043 ## - GEOGRAPHIC AREA CODE
Geographic area code a-ii---
050 00 - LIBRARY OF CONGRESS CALL NUMBER
Classification number PN5374
Item number .S18
100 1# - MAIN ENTRY--PERSONAL NAME
Personal name Ṣābrī, Imdād,
Dates associated with a name 1914-
245 10 - TITLE STATEMENT
Title Tārīk̲h̲-i ṣaḥāfat-i Urdū.
260 ## - PUBLICATION, DISTRIBUTION, ETC.
Date of publication, distribution, etc. [1964- ; v. 1, 1967]
300 ## - PHYSICAL DESCRIPTION
Extent v.
Other physical details illus., facsims, ports.
Dimensions 19 cm.
500 ## - GENERAL NOTE
General note In Urdu.
504 ## - BIBLIOGRAPHY, ETC. NOTE
Bibliography, etc. note Includes bibliographies.
600 10 - SUBJECT ADDED ENTRY--PERSONAL NAME
Personal name Ṣābrī, Imdād,
Dates associated with a name 1914-
650 #0 - SUBJECT ADDED ENTRY--TOPICAL TERM
Topical term or geographic name entry element Journalism
Geographic subdivision India.
700 1# - ADDED ENTRY--PERSONAL NAME
Personal name Sharmā, Harsarūp.

No items available.

Powered by Koha